00370nam a2200145Ia 4500003000400000005001700004008004100021040001800062041000800080100004600088110001900134245001600153260002200169710003300191OSt20260306155213.0211028s2009 xx 000 0 und d cAIMIT LIBRARY aeng aB G, Yathiraj; Pilar, Bharathi.g60471469 aBharathi Pilar aBittblogg / aNetherlandsc2009 aDucont India Private Limited